History Quiz

Random History or Nation Quiz

Viking Countries Quiz Stats

Quiz Updated Mar 28, 2012

Also try: Norse Gods
Challenge
Share
Tweet
Embed
Score 0/12 Timer 04:00
3 Plays Today
Site Country % Correct
Gardar, Hvalsey (c. 985)Denmark (Greenland)
96.6%
Jorvik (876)United Kingdom (Kingdom of York)
96.3%
Ruduborg (911)France (Normandy)
94%
Hedeby (770)Germany
93.3%
Holmgard (c. 860), Aldeigjuborg (862)Russia (Novgorod)
90.2%
Vatnafjord, Husavik (c. 874)Iceland
88.8%
Dyflinn (c. 850)Ireland (Kingdom of Dublin)
86.9%
Julin, Truso (c. 800)Poland
80.7%
Dorestad (850)Netherlands
79.2%
L'Anse aux Meadows (c. 1000)Canada
75.3%
Grobin (c. 800)Latvia
68.2%
Kaenugard (c. 860)Ukraine (Kievan Rus')
51.8%

You're not logged in!

Compare scores with friends on all Sporcle quizzes.
Join for Free
OR
Log In

You Might Also Like...

Show Comments

Extras

Top Quizzes Today


Score Distribution

Your Account Isn't Verified!

In order to create a playlist on Sporcle, you need to verify the email address you used during registration. Go to your Sporcle Settings to finish the process.

Report this User

Report this user for behavior that violates our Community Guidelines.

Details: